Εναλλακτική διδακτική προσέγγιση με χρήση μαθηματικού λογισμικού για τις έννοιες λόγοι, αναλογίες στη στ' δημοτικού : μεταπτυχιακή εργασία

Αποθηκεύτηκε σε:
Λεπτομέρειες βιβλιογραφικής εγγραφής
Κύριος συγγραφέας: Βλάχου, Ρόζα
Συγγραφή απο Οργανισμό/Αρχή: Πανεπιστήμιο Αιγαίου Σχολή Ανθρωπιστικών Σπουδών Τμήμα Δημοτικής Εκπαίδευσης
Άλλοι συγγραφείς: Χιονίδου - Μοσκοφόγλου, Μαρία (Εισηγητής διατριβής), Αυγερινός, Ευγένιος (Εισηγητής διατριβής), Βανδουλάκης, Ιωάννης Μ. (Εισηγητής διατριβής)
Μορφή: Thesis Βιβλίο
Γλώσσα:Greek
Δημοσίευση: Ρόδος : Πανεπιστήμιο Αιγαίου, Παιδαγωγικό Τμήμα Δημοτικής Εκπαίδευσης, 2006.
Θέματα:
Ετικέτες: Προσθήκη ετικέτας
Δεν υπάρχουν, Καταχωρήστε ετικέτα πρώτοι!

MARC

LEADER 00000cam a2200000 i 4500
001 1/42027
008 070306s2006 gre d
035 |l 10087233 
040 |a GR-MY-UA  |b gre  |e aacr 
041 0 |a gre 
082 7 |a 372.7044   |2 (22) 
100 1 |a Βλάχου, Ρόζα. 
245 1 0 |a Εναλλακτική διδακτική προσέγγιση με χρήση μαθηματικού λογισμικού για τις έννοιες λόγοι, αναλογίες στη στ' δημοτικού :   |b μεταπτυχιακή εργασία /   |c Ρόζας Βλάχου ; Χιονίδου - Μοσκόφογλου Μαρία ; μέλη συμβουλευτικής επιτροπής: Αυγερινός Ευγένιος, Βανδουλάκης Ιωάννης.  
260 |a Ρόδος :   |b Πανεπιστήμιο Αιγαίου, Παιδαγωγικό Τμήμα Δημοτικής Εκπαίδευσης,   |c 2006.  
300 |a 121 σ. ;   |c 30 εκ. 
502 |a Διατριβή (μεταπτυχιακή) – Πανεπιστήμιο Αιγαίου, Ρόδος, 2006. 
504 |a Βιβλιογραφία: σ. 108-118.  
610 2 0 |a University of the Aegean  |x Dissertations. 
650 0 0 |a Mathematics  |x Study and teaching. 
650 0 0 |a Mathematics  |z Greece  |x Problems, exercises, etc. 
650 0 0 |a Mathematics  |x Study and teaching (Elementary)  |z Greece. 
650 0 0 |a Dissertations, Academic  |z Greece. 
700 1 |a Χιονίδου - Μοσκοφόγλου, Μαρία.  |4 ths 
700 1 |a Αυγερινός, Ευγένιος.  |4 ths 
700 1 |4 ths  |a Βανδουλάκης, Ιωάννης Μ. 
710 2 |a Πανεπιστήμιο Αιγαίου  |b Σχολή Ανθρωπιστικών Σπουδών  |b Τμήμα Δημοτικής Εκπαίδευσης. 
852 |a INST  |b RHODES  |c DIATR  |e 20070306  |h 372.7044 ΒΛΑ  |p 005400023799  |q 005400023799  |t MTXE  |y 23 
852 |a INST  |b RHODES  |c DIATR  |e 20070306  |h 372.7044 ΒΛΑ  |p 005400023817  |q 005400023817  |t MTXE  |y 23 
901 |a BIBL4-2007-1 
909 |a Ρ  |b 127296 
909 |a Ρ  |b 127297 
924 |a ΒΛΑΧΟΥ  |b ΡΟΖΑ  |y Ρόδος  |z 2006-11 
970 |a ΜΙΣΣΟΣ  |b ΣΤΑΥΡΟΣ  |z 2007/03/06